00439 2200181 4500001002100000005001500021035002000036007000300056008004100059020002200100082000800122084001400130100001700144245003400161250000600195260003100201300002500232INLIS00000000000224120220320042030 a0010-0322000803ta220320 e 0 ind  a978-623-7624-06-6 a100 a100 ALB m0 aAlbert Camus1 aMITOS SISIFUS /cAlbert Camus a2 aYogyakarta :bCIRCA,c2020 a166 ;c13 cm x 19 cm